Overage - recent developments, part I (Record no. 74733)

MARC details
000 -LEADER
fixed length control field 01104cab a2200253 4500
001 - CONTROL NUMBER
control field ABS68672
008 - FIXED-LENGTH DATA ELEMENTS--GENERAL INFORMATION
fixed length control field 050124n2004 000 0 eng u
035 ## - SYSTEM CONTROL NUMBER
System control number (Sirsi) u128569
100 ## - MAIN ENTRY--PERSONAL NAME
Personal name Reekie, P.
245 ## - TITLE STATEMENT
Title Overage - recent developments, part I
260 ## - PUBLICATION, DISTRIBUTION, ETC.
Date of publication, distribution, etc. 2004
490 ## - SERIES STATEMENT
Series statement EMIS Property Service
Volume/sequential designation 2(11) November 2004, 5-7(3)
520 ## - SUMMARY, ETC.
Summary, etc. Overage agreements are increasingly becoming almost a standard element in developmental deals. The drafting of these clauses calls for both lawyers and the parties themselves to be able to anticipate future possible events that are unclear at the time of drafting. Discusses recent case law that has highlighted problem areas and clarified the law in some areas. [Taken from journal abstract]. (See also Abs68673).
590 ## - LOCAL NOTE (RLIN)
Local note ABS
650 ## - SUBJECT ADDED ENTRY--TOPICAL TERM
Topical term or geographic name entry element OVERAGE
650 ## - SUBJECT ADDED ENTRY--TOPICAL TERM
Topical term or geographic name entry element BRIDE HALL ESTATES LTD V ST GEORGE NORTH LONDON
650 ## - SUBJECT ADDED ENTRY--TOPICAL TERM
Topical term or geographic name entry element AKASUC ENTERPRISE LTD V FARMAR AND SHIRREFF
650 ## - SUBJECT ADDED ENTRY--TOPICAL TERM
Topical term or geographic name entry element NEGLIGENCE
650 ## - SUBJECT ADDED ENTRY--TOPICAL TERM
Topical term or geographic name entry element RENTCHARGE
650 ## - SUBJECT ADDED ENTRY--TOPICAL TERM
Topical term or geographic name entry element RENTCHARGES ACT 1977
650 ## - SUBJECT ADDED ENTRY--TOPICAL TERM
Topical term or geographic name entry element LAW OF PROPERTY ACT 1925
690 ## - LOCAL SUBJECT ADDED ENTRY--TOPICAL TERM (OCLC, RLIN)
Topical term or geographic name as entry element PROPERTY
942 ## - ADDED ENTRY ELEMENTS (KOHA)
Suppress in OPAC 0
Holdings
Withdrawn status Lost status Source of classification or shelving scheme Damaged status Not for loan Home library Current library Shelving location Date acquired Total Checkouts Full call number Barcode Date last seen Copy number Price effective from Koha item type
    Dewey Decimal Classification     London London Journal article 24/01/2005   ABS68672 128569-1001 06/08/2019 1 06/08/2019 Journal article